000 00582nam a2200181Ia 4500
008 100917s9999 xx 000 0 und d
082 _b51956
100 _aकुलकर्णी प्रमिला
245 _aहे रूप माऊलीचे
260 _bसाहित्य प्रसार केंद्र
_c1979
300 _a60
365 _b5
520 _aबालविभाग
630 _aहे रूप माऊलीचे
650 _aबालविभाग
730 _aहे रूप माऊलीचे
942 _cBOOK
999 _c657350
_d657347